000 00448nam a2200181Ia 4500
001 25165
005 20260414151131.0
008 260414t2018||||xx |||||||||||||| ||spa||
041 _aESP
082 _a346.26
_bP66
100 _aPlácido V., Alex F.
_eAUT
245 0 _aIdentidad filiatoria y responsabilidad parental
_b
260 _c2018
300 _a638 páginas :
_c25 cm.
650 _aDER
654 _aCDE
942 _cLIB
_dJUS
_fJUS
_2ddc
_n
999 _c25165
_d25165